The Cultural Atlas of Islam (Record no. 6232)

MARC details
000 -LEADER
fixed length control field 00566nam a2200229 a 4500
020 ## - INTERNATIONAL STANDARD BOOK NUMBER
ISBN 0029101905
082 00 - DEWEY DECIMAL CLASSIFICATION NUMBER
Classification number 704.94897
Author Cutter FAR
100 ## - MAIN ENTRY--AUTHOR NAME
Author name Faruqi Al, Isma`Il R
245 ## - TITLE STATEMENT
Title The Cultural Atlas of Islam
260 ## - PUBLICATION, DISTRIBUTION, ETC. (IMPRINT)
Place of publication New York
Name of publisher Free Press
Year of publication 1986
300 ## - PHYSICAL DESCRIPTION
Number of Pages 512p
500 ## - GENERAL NOTE
General note includes index and biblioraphy
505 2# - FORMATTED CONTENTS NOTE
Formatted contents note Maps,Illus,Index
650 ## - SUBJECT ADDED ENTRY--TOPICAL TERM
Topical Term Art-Islamic
942 ## - ADDED ENTRY ELEMENTS (KOHA)
Koha item type Books
Holdings
Collection code Home library Current library Date acquired Cost, normal purchase price Full call number Accession Number Koha item type
  Henry Martyn Institute Library Henry Martyn Institute Library 09/12/2007 800.00 704.94897 FAR 012964 Books
                   Copyright © 2026 | Henry Martyn Institute | Hyderabad | TS-500052 | INDIA | Implemented by hmi.edu.in
Hit-Count:

Powered by Koha